Lý thuyết âm nhạc cơ bản
محفوظ في:
| المؤلف الرئيسي: | |
|---|---|
| مؤلفون آخرون: | |
| التنسيق: | كتاب |
| منشور في: |
Tp. HCM
[ ]
1985
|
| الطبعة: | lần 2 |
| الموضوعات: | |
| الوسوم: |
إضافة وسم
لا توجد وسوم, كن أول من يضع وسما على هذه التسجيلة!
|
| Thư viện lưu trữ: | Trung tâm Học liệu Lê Vũ Hùng, Trường Đại học Đồng Tháp |
|---|
| LEADER | 00729pam a22002298a 4500 | ||
|---|---|---|---|
| 001 | 00038093 | ||
| 005 | 20171031081020.0 | ||
| 008 | 170515s1985 ||||||Viesd | ||
| 041 | 0 | # | |a Vie |
| 082 | 1 | 4 | |a 780.7 |b L600TH |
| 100 | 1 | # | |a V. A. Ya-khra-M-epê |
| 245 | 1 | 0 | |a Lý thuyết âm nhạc cơ bản |c V. A. Ya-khra-M-epê, Vũ Tự Lân (dịch) |
| 250 | # | # | |a lần 2 |
| 260 | # | # | |a Tp. HCM |b [ ] |c 1985 |
| 300 | # | # | |a 235tr. |c 27 cm |
| 653 | # | # | |a Lý thuyết |
| 653 | # | # | |a âm nhạc cơ bản |
| 700 | 1 | # | |a Vũ, Tự Lân |
| 852 | # | # | |b Kho đọc |j KD.1001298 |
| 852 | # | # | |j KD.0021872 |j KM.0022620 |
| 910 | |d 15/05/2017 | ||
| 980 | # | # | |a Trung tâm Học liệu Lê Vũ Hùng, Trường Đại học Đồng Tháp |